100 personagens mais citados na série Harry Potter. - Statistics

Estatísticas Gerais
  • Esse quiz foi jogado 5 929 vezes
  • A pontuação média é 39 de 100
Estatísticas das Respostas
N. Resposta % Correto
18956 Harry Potter
100%
5486 Hermione Granger
99%
6464 Rony Weasley
91%
1956 Severo Snape
91%
2421 Alvo Dumbledore
90%
1198 Draco Malfoy
90%
1797 Voldemort
89%
1471 Sirius Black
87%
771 Gina Weasley
84%
770 Minerva McGonagall
84%
920 Fred Weasley
82%
2024 Rúbeo Hagrid
82%
356 Luna Lovegood
80%
864 Remo Lupin
78%
821 Jorge Weasley
76%
810 Neville Longbottom
75%
249 Lúcio Malfoy
72%
190 Tiago Potter
72%
353 Cedrico Diggory
69%
127 Lílian Potter
69%
469 Dobby
68%
722 Molly Weasley
67%
215 Cho Chang
61%
780 Arthur Weasley
60%
467 Duda Dursley
60%
637 Dolores Umbridge
58%
583 "Olho-tonto" Moody
57%
314 Petúnia Dursley
56%
486 Pedro Pettigrew
54%
89 Narcisa Malfoy
53%
242 Ninfadora Tonks
53%
258 Fleur Delacour
52%
302 Gui Weasley
52%
426 Percy Weasley
51%
220 Belatriz Lestrange
50%
110 Carlinhos Weasley
50%
212 Dino Tomas
47%
228 Gregório Goyle
47%
277 Vítor Krum
47%
530 Valter Dursley
46%
179 Simas Finnigan
43%
119 Murta-Que-Geme
41%
204 Edwiges
40%
224 Vicente Crabbe
36%
140 Filio Flitwick
35%
262 Sibila Trelawney
35%
312 Monstro
33%
123 Nick Quase-sem-cabeça
32%
262 Gilderoy Lockhart
31%
288 Argo Filch
30%
295 Bartô Crouch, Sr.
29%
493 Cornélio Fudge
29%
141 Lilá Brown
29%
90 Pomona Sprout
29%
133 Parvati Patil
28%
117 Garrick Olivaras
27%
68 Pansy Parkinson
27%
208 Olívio Wood
26%
432 Horácio Slughorn
25%
136 Bicuço
24%
70 Salazar Sonserina
24%
162 Bichento
23%
164 Pirraça
23%
63 Godric Grifinória
22%
122 Quirino Quirrell
22%
135 Angelina Johnson
20%
165 Igor Karkaroff
17%
156 Papoula "Madame" Pomfrey
17%
124 Xenofílio Lovegood
17%
77 Colin Creevey
16%
162 Winky
16%
188 Rita Skeeter
15%
102 Fenrir "Lobo" Greyback
14%
106 Kingsley Shacklebolt
14%
109 Lino Jordan
14%
72 Mulher Gorda
14%
105 Canino
13%
147 Mundungo Fletcher
13%
79 Aberforth Dumbledore
12%
140 Grampo
12%
112 Olímpia Maxime
12%
76 Amos Diggory
11%
77 Batilda Bagshot
11%
75 Firenze
11%
73 Gerardo Grindelwald
11%
73 Guida Dursley
11%
246 Ludo Bagman
11%
73 Córmaco McLaggen
10%
64 Fawkes
10%
116 Cátia Bell
9%
75 Grope
9%
68 Servolo Gaunt
9%
62 Elifas Doge
7%
153 Rufo Scrimgeour
7%
85 Stanislau "Lalau" Shunpike
7%
92 Ernesto Macmillan
6%
89 Fineus Nigellus Black
6%
63 Franco Bryce
6%
63 Morfino Gaunt
6%
68 Beto Ogden
5%
Nenhum quiz correspondente encontrado
Distribuição das Pontuações
Porcentagem de Pessoas com Cada Pontuação
Percentil de Números Respondidos
Sua Pontuação Histórica
Você não jogou esse quiz